Valzer celebri (Record n. 104088)

Dettagli MARC
000 -LEADER
fixed length control field 01983njm a2200349Ia 4500
001 - CONTROL NUMBER
control field 40121
003 - CONTROL NUMBER IDENTIFIER
control field IT-RoPAU
005 - DATE AND TIME OF LATEST TRANSACTION
control field 20220918181217.0
008 - FIXED-LENGTH DATA ELEMENTS--GENERAL INFORMATION
fixed length control field 131025s9999 xx 000 0 und d
040 ## - CATALOGING SOURCE
Original cataloging agency IT-RoPAU
040 ## - CATALOGING SOURCE
Transcribing agency IT-RoPAU
999 ## - SYSTEM CONTROL NUMBERS (KOHA)
Koha Dewey Subclass [OBSOLETE] n.d.
100 ## - MAIN ENTRY--PERSONAL NAME
Personal name AA.VV.
9 (RLIN) 794
100 ## - MAIN ENTRY--PERSONAL NAME
Relator term Autore musica
9 (RLIN) 20850
100 ## - MAIN ENTRY--PERSONAL NAME
Miscellaneous information Codice autore musica SPICS: 12000
9 (RLIN) 796
245 ## - TITLE STATEMENT
Title Valzer celebri
250 ## - EDITION STATEMENT
Edition statement 1a ed.
260 ## - PUBLICATION, DISTRIBUTION, ETC. (IMPRINT)
Place of publication, distribution, etc. GERMANY
260 ## - PUBLICATION, DISTRIBUTION, ETC. (IMPRINT)
Name of publisher, distributor, etc. DEUTSCHE GRAMMOPHON
Date of publication, distribution, etc. 1967 [1a Ed.:1967]
300 ## - PHYSICAL DESCRIPTION
Extent DISCO
500 ## - GENERAL NOTE
General note Musica classica. Valzer. Ballo
505 ## - FORMATTED CONTENTS NOTE
Formatted contents note Coppelia: suite dal balletto (Scena e valzer di Swanilda) - Le Silfidi: valzer VII in do diesis minore op 64 n 2 - Le Silfidi: valzer VIII grande valzer brillante in mi bemolle maggiore op.18 - Valzer triste op 44 - Sinfonia fantastica op 14: 2 mov (un ballo) - Lo Schiaccianoci: suite op 71 A: valzer dei fiori - Sul bel Danubio blu valzer op 314
511 ## - PARTICIPANT OR PERFORMER NOTE
Participant or performer note Orchestra Filarmonica di Berlino diretta da Von Karajan Herbert
650 ## - SUBJECT ADDED ENTRY--TOPICAL TERM
Topical term or geographic name as entry element BALLO [DISCHI]
Relator term Codice MATERIA SPICS: 9950
9 (RLIN) 6536
700 ## - ADDED ENTRY--PERSONAL NAME
Personal name Delibes Leo
Dates associated with a name Codice autore musica SPICS: 7951
Relator term Autore musica
Name of part/section of a work Coppelia: suite dal balletto (Scena e valzer di Swanilda)
9 (RLIN) 20851
700 ## - ADDED ENTRY--PERSONAL NAME
Personal name Chopin Fryderyk
Dates associated with a name Codice autore musica SPICS: 8056
Relator term Autore musica
Name of part/section of a work Le Silfidi: valzer VII in do diesis minore op 64 n 2 - Le Silfidi: valzer VIII grande valzer brillante in mi bemolle maggiore op.18
9 (RLIN) 20852
700 ## - ADDED ENTRY--PERSONAL NAME
Personal name Sibelius Jan
Dates associated with a name Codice autore musica SPICS: 8198
Relator term Autore musica
Name of part/section of a work Valzer triste op 44
9 (RLIN) 20853
700 ## - ADDED ENTRY--PERSONAL NAME
Personal name Berlioz Hector
Dates associated with a name Codice autore musica SPICS: 9293
Relator term Autore musica
Name of part/section of a work Sinfonia fantastica op 14: 2 mov (un ballo)
9 (RLIN) 20854
700 ## - ADDED ENTRY--PERSONAL NAME
Personal name Cajkovskij Petr Llijch
Dates associated with a name Codice autore musica SPICS: 10808
Relator term Autore musica
Name of part/section of a work Lo Schiaccianoci: suite op 71 A: valzer dei fiori
9 (RLIN) 20855
700 ## - ADDED ENTRY--PERSONAL NAME
Personal name Strauss Johann Jr.
Dates associated with a name Codice autore musica SPICS: 11164
Relator term Autore musica
Name of part/section of a work Sul bel Danubio blu valzer op 314
9 (RLIN) 20856
942 ## - ADDED ENTRY ELEMENTS (KOHA)
Koha item type DISCHI
Source of classification or shelving scheme Dewey Decimal Classification
Dati di copia
Withdrawn status Lost status Damaged status Not for loan Home library Current library Date acquired Total Checkouts Full call number Date last seen Price effective from Koha item type Public note
    Buone Condizioni Not For Loan SPICS-MEDIATECA SPICS-MEDIATECA 25/10/2013   40121 25/10/2013 25/10/2013 DISCHI Progr. Ins.: 13932 / N.Vol.: 1 / Copie: 1 - Copia rara: n.d. / date import: 01.01.2014 - By Epidotti, Trombetti, Vaglietti
CREDITS: SOCIETA' SAN PAOLO Via A.Severo, 58 - ROMA (RM) & PERIODICI SAN PAOLO SRL Via Giotto, 36 MILANO & CISF Via Giotto, 36 MILANO & EDIZIONI SAN PAOLO SRL,  Piazza Soncino, 5 CINISELLO BALSAMO (MI) -- ITALY